000 00417nam a2200157 i 4500
001 bg
245 0 _aModułowe systemy mikrokomputerowe :
_bpraca zbiorowa /
_c[Henryk Małysiak et al.].
250 _aWyd.2 popr. i rozszerz.
260 _aWarszawa,
_c1990.
650 9 _aMikroprocesor
700 1 _aMałysiak, Henryk.
040 _cBPK
041 _apol
942 _cKS
008 s pl f |000 0 pol
999 _c4397
_d4397
856 _uhttp://koha.tu.koszalin.pl/cgi-bin/koha/opac-detail.pl?biblionumber=4397
_yKatalog online BPK